000 00667nam a22002177a 4500
008 150410b xxu||||| |||| 00| 0 eng d
020 _a9780071492164 (alk. paper)
020 _a007149216X (alk. paper)
041 0 _aeng
080 _a004.2
100 1 _aPowell, Thomas A.,
245 1 0 _aAjax
_cthe complete reference /
260 _aNew York :
_bMcGraw-Hill,
_c2008.
300 _a654 f.:
_bme il.;
_c24 cm.
505 _aIndex: f.635-654
650 0 _aKompjuterët
650 0 _aAjax (Web site development technology)
650 0 _aJavaScript (Computer program language)
650 0 _aWeb sites
942 _2udc
_cBK
999 _c676
_d676